| 000 | 00737cam a22002052 4500 | ||
|---|---|---|---|
| 001 | 0000004863 | ||
| 005 | 20151217161135.0 | ||
| 008 | 070530s xx 000 0 eng d | ||
| 040 |
_aKABU _cKABU |
||
| 050 | 0 |
_aR713.87 _b.K4K46 2002 |
|
| 245 | 1 | 0 |
_aOfficial Kenya medical directory 2002-2003 / _cSammy Masara, ed. ; Dan Kiage, consulting editor. |
| 260 |
_aNairobi : _bExpress Communications Ltd, _c[2002] |
||
| 300 |
_a304 p. : _bill. (some col.) ; _c30 cm. |
||
| 650 | 0 |
_aPhysicians _zKenya _vDirectories. _@0000155750 |
|
| 700 | 1 |
_aMasara, Sammy. _@0000155751 |
|
| 908 | _a070530 | ||
| 950 | _@1 | ||
| 999 |
_c14974 _d14974 |
||